MARC

Tag First Indicator Second Indicator Subfields
LEADER 00000cam a22000001 4500
001 in00000059601
005 20240625160540.0
008 810714s1950 nyua b 000 0 eng
010 |a  50008082  
015 |a GB5006217  |2 bnb 
016 7 |a 006972571  |2 Uk 
019 |a 1070737  |a 976470984 
029 1 |a AU@  |b 000008561448 
029 1 |a AU@  |b 000055582618 
029 1 |a GEBAY  |b 9211853 
029 1 |a HEBIS  |b 184103843 
029 1 |a UKMGB  |b 006972571 
035 |a (OCoLC)ocm07581532  
035 |a (OCoLC)7581532  |z (OCoLC)1070737  |z (OCoLC)976470984 
035 |a (OCoLC)ocm07581532  
040 |a DLC  |b eng  |c ZYU  |d DLC  |d UKM  |d BTCTA  |d OCLCG  |d GEBAY  |d OCLCA  |d OCLCF  |d OCLCA  |d OCLCQ  |d OCLCO  |d OCLCQ  |d Y5J  |d UKMGB  |d OCLCQ  |d IL4J6  |d OCLCO  |d OCLCL 
043 |a n-us-ny 
050 0 0 |a F129.B7  |b W42 1950 
060 4 |a 000041828 
082 0 |a 325.74723 
100 1 |a Weld, Ralph Foster,  |d 1888-1970.  |1 https://id.oclc.org/worldcat/entity/E39PCjCCGbc9Y9mX6hdWdV8Bfq 
245 1 0 |a Brooklyn is America. 
260 |a New York,  |b Columbia University Press,  |c 1950. 
300 |a viii, 266 pages  |b illustrations  |c 23 cm 
336 |a text  |b txt  |2 rdacontent 
337 |a unmediated  |b n  |2 rdamedia 
338 |a volume  |b nc  |2 rdacarrier 
504 |a Includes bibliographical references (pages 249-254). 
651 0 |a Brooklyn (New York, N.Y.)  |x History. 
650 0 |a Immigrants  |z New York (State)  |z New York. 
650 7 |a Immigrants.  |2 fast  |0 (OCoLC)fst00967712 
651 7 |a New York (State)  |z New York.  |2 fast  |0 (OCoLC)fst01204333  |1 https://id.oclc.org/worldcat/entity/E39QbtfRvQh7864Jh4rDGBFDWc 
651 7 |a New York (State)  |z New York  |z Brooklyn.  |2 fast  |0 (OCoLC)fst01312516  |1 https://id.oclc.org/worldcat/entity/E39PBJpYy9jfQfrX8yKcDx83cP 
651 7 |a Brooklyn (New York, N.Y.)  |x History.  |2 nli 
651 7 |a Brooklyn (New York, N.Y.)  |x Emigration and immigration.  |2 nli 
650 7 |a Einwanderung  |2 gnd 
651 7 |a New York- Brooklyn, NY  |2 gnd 
648 7 |a Geschichte  |2 swd 
655 7 |a History.  |2 fast  |0 (OCoLC)fst01411628 
758 |i has work:  |a Brooklyn is America (Text)  |1 https://id.oclc.org/worldcat/entity/E39PCGQfhCgfrQRRVdrWdXyTpP  |4 https://id.oclc.org/worldcat/ontology/hasWork 
776 0 8 |i Online version:  |a Weld, Ralph Foster, 1888-1970.  |t Brooklyn is America.  |d New York, Columbia University Press, 1950  |w (OCoLC)950057424 
938 |a Baker and Taylor  |b BTCP  |n 50008082 
948 |h HELD BY TXA - 220 OTHER HOLDINGS 
994 |a Z0  |b TXA 
999 f f |s 1dbb1275-cd81-3d6c-884a-a347a6fc5975  |i be5693e8-76a7-36c9-8198-4cd574cf3d0e  |t 0 
952 f f |p ric  |a Texas A&M University  |b Rellis Campus  |c Joint Library Facility  |d Remote Storage  |t 0  |e F129.B7 W42 1950  |h Library of Congress classification  |i unmediated -- volume  |m A14800672498 
998 f f |a F129.B7 W42 1950  |t 0  |l Remote Storage